| 000 | 01020nam a2200277Ia 4500 | ||
|---|---|---|---|
| 003 | OSt | ||
| 005 | 20221005104952.0 | ||
| 006 | a|||||r|||| 00| 0 | ||
| 007 | ta | ||
| 008 | 221004b |||||||| |||| 00| 0 hin d | ||
| 020 |
_a8185999740 (hbk) _cIndian Rupees 495 |
||
| 024 | _a41103 | ||
| 037 |
_bGift, 10/01/2019, _cTextual |
||
| 040 |
_aCRL _cCRL _bhin |
||
| 041 |
_2hin _ahin |
||
| 082 | _aO152:gN, J9;P4 | ||
| 100 | _aवाजपेयी, नन्ददुलारे, ले. | ||
| 245 | 0 | _aनया साहित्य नए प्रश्न | |
| 246 | _aNayā sāhitya nae prashna | ||
| 260 |
_aदिल्ली _bस्वराज प्रकाशन भारत _c2004 |
||
| 300 |
_a267पृ0 _ccm. |
||
| 650 | _a हिन्दी आलोचना | ||
| 650 | _aहिन्दी साहित्य | ||
| 942 |
_hO152:gN, J9;P4 _cTEXL _2cc |
||
| 999 |
_c1014333 _d1014333 |
||